000 01038pam a2200325 a 4500
001 6404
003 FISKH
005 20250429085934.0
008 930419s1994 nyua j 000 1 eng
010 _a 93011032
020 _a080501957X (acidfree paper)
040 _aDLC
_cDLC
_dDLC
_beng
050 _aPZ8.F6378 B
082 _a 813.54
100 1 _aFleming, Denise,
_d1950-
245 1 0 _aBarnyard banter /
_cDenise Fleming.
250 _aFirst Scholastic printing February 1995
260 _aNew York :
_bScholastic,
_c1994.
300 _a32 unnumbered pages :
_bcolor illustrations ;
_c28 cm
505 _aC
520 _aAll the farm animals are where they should be, clucking and mucking, mewing and cooing, except for the missing goose.
521 8 _a100
_bLexile NP
521 8 _aC
_bRaz-Plus
650 1 _aDomestic animals
_xFiction.
650 1 _aAnimal sounds
_xFiction.
650 1 _aStories in rhyme.
906 _a7
_bcbc
_corignew
_d1
_eocip
_f19
_gy-gencatlg
942 _2ddc
_cBK
_n0
999 _c6404
_d6404